[Event "Frankfurt Ch 2014"]
[Site "Ffm-Höchst, BiKuZ"]
[Date "2014.05.12"]
[Round "3.27"]
[White "Schellen, Sven"]
[Black "Egenolf, Dirk"]
[Result "1/2-1/2"]
[WhiteElo "1749"]
[BlackElo "1906"]
[PlyCount "30"]
[EventDate "2014.??.??"]
[WhiteTeam "SF Frankfurt 1921"]
[BlackTeam "SK Niederbrechen 1948"]

1. d4 Nf6 2. c4 g6 3. Nc3 Bg7 4. Nf3 O-O 5. Bf4 d6 6. e3 Nbd7 7. Be2 c6 8. O-O
Nh5 9. Bg5 Nhf6 10. Bf4 Qe8 11. h3 e5 12. Bh2 Qe7 13. c5 Ne8 14. cxd6 Nxd6 15.
Rc1 exd4 1/2-1/2

[Event "Frankfurt Ch 2014"]
[Site "Ffm-Höchst, BiKuZ"]
[Date "2014.05.12"]
[Round "3.28"]
[White "Lemonidis, Christos"]
[Black "Seickel, Ralf"]
[Result "0-1"]
[WhiteElo "1741"]
[BlackElo "1905"]
[PlyCount "96"]
[EventDate "2014.??.??"]
[WhiteTeam "SC 1961 König Nied"]
[BlackTeam "vereinslos"]

1. e4 c6 2. d3 d5 3. Nd2 e5 4. Ngf3 Bd6 5. g3 Nf6 6. Bg2 Qc7 7. O-O O-O 8. Qe2
Nbd7 9. Re1 b6 10. Nh4 g6 11. Nf1 Re8 12. Ne3 dxe4 13. dxe4 Nc5 14. Nc4 Ba6 15.
Bg5 Nfd7 16. Rad1 Bf8 17. Bf1 Ne6 18. Qd2 Ndc5 19. Bf6 Bg7 20. Bxg7 Kxg7 21. b4
Red8 22. Qc3 Bxc4 23. Qxc4 Nb7 24. c3 Nd6 25. Qe2 Qe7 26. Ng2 Ng5 27. f3 Qf6
28. Nh4 Ne6 29. Qe3 Qg5 30. Qf2 Rac8 31. Ng2 Qe7 32. f4 f6 33. Bd3 Rc7 34. Ne3
Rcd7 35. fxe5 fxe5 36. Ng4 Ng5 37. Qf1 Rf8 38. Qg2 Nf3+ 39. Kh1 Nxe1 40. Rxe1
Qg5 41. Be2 h5 42. h4 Qd2 43. Rd1 Qxc3 44. Rd3 Qa1+ 45. Rd1 Qb2 46. Ne3 Rdd8
47. g4 Qxb4 48. gxh5 Qxe4 0-1

[Event "Frankfurt Ch 2014"]
[Site "Ffm-Höchst, BiKuZ"]
[Date "2014.05.12"]
[Round "3.29"]
[White "Liebske, Reiner"]
[Black "Göbel, Andreas"]
[Result "1-0"]
[WhiteElo "1680"]
[BlackElo "1900"]
[PlyCount "39"]
[EventDate "2014.??.??"]
[WhiteTeam "SV Frankfurt Nord 1926"]
[BlackTeam "SC Brett vorm Kopp Ffm"]

1. e4 c5 2. Nf3 Nc6 3. d4 cxd4 4. Nxd4 g6 5. Be3 Bg7 6. c3 Nf6 7. Nd2 O-O 8.
Be2 d5 9. Nxc6 bxc6 10. e5 Nd7 11. f4 e6 12. O-O c5 13. b4 Qc7 14. Nb3 cxb4 15.
cxb4 Qc3 16. Bd2 Qc6 17. Rc1 Qa4 18. Rf3 Ba6 19. Nc5 Bxe2 20. Qxa4 1-0

[Event "Frankfurt Ch 2014"]
[Site "Ffm-Höchst, BiKuZ"]
[Date "2014.05.12"]
[Round "3.30"]
[White "Blum, Ralph"]
[Black "Raquet, Helmut"]
[Result "1-0"]
[WhiteElo "1897"]
[BlackElo "1662"]
[PlyCount "117"]
[EventDate "2014.??.??"]
[WhiteTeam "SV 1934 Ffm-Griesheim"]
[BlackTeam "SC 1961 König Nied"]

1. d4 d5 2. c4 e6 3. Nc3 Nf6 4. Bg5 Be7 5. e3 O-O 6. Rc1 c6 7. Nf3 h6 8. Bh4
Nbd7 9. Bd3 dxc4 10. Bxc4 Nd5 11. Bg3 Nxc3 12. bxc3 Qa5 13. O-O Rd8 14. Qb3 Nf8
15. e4 Bf6 16. Rfd1 Be7 17. d5 b5 18. Be2 exd5 19. exd5 cxd5 20. Nd4 Bd7 21.
Qxd5 Qb6 22. Nxb5 Bxb5 23. Qxb5 Rxd1+ 24. Rxd1 Rd8 25. Qb3 Rxd1+ 26. Bxd1 Bc5
27. Bf3 Qe6 28. Kf1 Bb6 29. Bd5 Qg6 30. Bc4 Nd7 31. Qb5 Nf8 32. Bd3 Qe6 33. Qc4
Qxc4 34. Bxc4 Bc5 35. Be5 Nd7 36. Bd4 Kf8 37. Ke2 f6 38. Ke3 Ke7 39. Ke4 g6 40.
Kd5 Bxd4 41. cxd4 Nb6+ 42. Kc5 Kd7 43. Bb5+ Kc7 44. a4 Nc8 45. Kd5 Nd6 46. Ke6
Nf5 47. d5 Nd4+ 48. Ke7 Nf5+ 49. Kxf6 Kd6 50. Kxg6 Nh4+ 51. Kxh6 Nxg2 52. Kg5
Ke5 53. h4 Nf4 54. f3 Nxd5 55. h5 Nf4 56. h6 Ne6+ 57. Kg6 Nf4+ 58. Kg7 Ne6+ 59.
Kg8 1-0

[Event "Frankfurt Ch 2014"]
[Site "Ffm-Höchst, BiKuZ"]
[Date "2014.05.12"]
[Round "3.31"]
[White "Cichon, Jörg"]
[Black "Rutsatz, Mario"]
[Result "1-0"]
[WhiteElo "1649"]
[BlackElo "1896"]
[PlyCount "109"]
[EventDate "2014.??.??"]
[WhiteTeam "Sfr.Mainz 1928"]
[BlackTeam "SF Frankfurt 1921"]

1. e4 e6 2. d3 c5 3. Nf3 Nc6 4. g3 g6 5. Bg2 Bg7 6. Nbd2 Nge7 7. O-O d6 8. c3
O-O 9. Re1 Rb8 10. Rb1 b5 11. a3 a5 12. Qc2 e5 13. Nf1 h6 14. Ne3 Be6 15. Nh4
Qd7 16. f4 exf4 17. gxf4 Bh3 18. Kh1 Bxg2+ 19. Qxg2 b4 20. Bd2 bxa3 21. bxa3 a4
22. Nef5 gxf5 23. Rg1 Ng6 24. Rxb8 Rxb8 25. exf5 Nce7 26. fxg6 fxg6 27. Nxg6
Nxg6 28. Qxg6 Qc6+ 29. Qe4 Qxe4+ 30. dxe4 Rb3 31. f5 Kf7 32. Rg6 Be5 33. Bc1
Rb1 34. Rg1 Bxc3 35. Bxh6 Rxg1+ 36. Kxg1 Bb2 37. Bd2 Bxa3 38. Bc3 Bc1 39. Kf2
a3 40. Ke2 Bb2 41. Kd2 c4 42. Kc2 Bxc3 43. Kxc3 Kf6 44. h4 Kg7 45. Kc2 Kf7 46.
Kc3 Kf6 47. Kc2 Ke5 48. Kc3 d5 49. exd5 Kxd5 50. h5 Ke5 51. h6 Kf6 52. Kc2 Kf7
53. Kc3 Kf8 54. f6 Kg8 55. Kc2 1-0

[Event "Frankfurt Ch 2014"]
[Site "Ffm-Höchst, BiKuZ"]
[Date "2014.05.12"]
[Round "3.32"]
[White "Kropp, Volker"]
[Black "Balzereit, Georg"]
[Result "1/2-1/2"]
[WhiteElo "1892"]
[BlackElo "1632"]
[PlyCount "51"]
[EventDate "2014.??.??"]
[WhiteTeam "SV Mainz-Mombach"]
[BlackTeam "vereinslos"]

1. d4 Nf6 2. Nf3 d5 3. e3 Nc6 4. c4 Bg4 5. Be2 dxc4 6. Qa4 e6 7. Nc3 Nd7 8.
Qxc4 Nb6 9. Qb3 Bd6 10. h3 Bh5 11. O-O O-O 12. Rd1 Re8 13. Ne4 Be7 14. Nc5 Rb8
15. Qb5 a6 16. Qb3 Qc8 17. Nd3 Bd6 18. Bd2 Nd5 19. Rac1 Qd8 20. Re1 Nf6 21. Bc3
Ne4 22. Rcd1 Ne7 23. Bb4 Nd5 24. Nc5 Nxf2 25. Kxf2 Nxb4 26. Qxb4 1/2-1/2

[Event "Frankfurt Ch 2014"]
[Site "Ffm-Höchst, BiKuZ"]
[Date "2014.05.12"]
[Round "3.33"]
[White "Winter, Olaf"]
[Black "Rolf, Marco"]
[Result "0-1"]
[WhiteElo "1605"]
[BlackElo "1872"]
[PlyCount "69"]
[EventDate "2014.??.??"]
[WhiteTeam "SK Bad Homburg 1927"]
[BlackTeam "SK Bad Homburg 1927"]

1. c4 e5 2. Nc3 Nf6 3. g3 Bc5 4. Bg2 d6 5. e3 Nc6 6. a3 Bf5 7. b4 Bb6 8. d3 Qd7
9. h3 O-O 10. Nge2 Rfe8 11. g4 Bg6 12. O-O h5 13. f3 hxg4 14. hxg4 e4 15. fxe4
Ne5 16. d4 Nxc4 17. Qd3 d5 18. Nf4 Bxe4 19. Nxe4 Nxe4 20. Nxd5 Qxd5 21. Rf5 Qe6
22. d5 Qe7 23. Qxc4 Nd6 24. Qc3 Nxf5 25. gxf5 Bxe3+ 26. Kf1 Bxc1 27. Rxc1 Qe2+
28. Kg1 Re3 29. Qxc7 Rae8 30. d6 Rg3 31. Qxb7 Rxg2+ 32. Qxg2 Qe3+ 33. Kh2 Qh6+
34. Kg3 Qxc1 35. d7 0-1

[Event "Frankfurt Ch 2014"]
[Site "Ffm-Höchst, BiKuZ"]
[Date "2014.05.12"]
[Round "3.34"]
[White "Jung, Bernd"]
[Black "Seifert, Norbert"]
[Result "0-1"]
[WhiteElo "1618"]
[BlackElo "1867"]
[PlyCount "54"]
[EventDate "2014.??.??"]
[WhiteTeam "Sfr.Erbach"]
[BlackTeam "SF Neuberg"]

1. e4 c5 2. Nf3 e6 3. d4 cxd4 4. Nxd4 Nf6 5. Bd3 Nc6 6. Nxc6 bxc6 7. O-O d5 8.
Nd2 Be7 9. Kh1 O-O 10. e5 Nd7 11. f4 f6 12. Qh5 f5 13. Nf3 Nc5 14. Be3 Nxd3 15.
cxd3 c5 16. Rac1 Qa5 17. Ng5 h6 18. Rf3 d4 19. Qg6 hxg5 20. fxg5 dxe3 21. Rh3
e2 22. Rh8+ Kxh8 23. Qh5+ Kg8 24. h4 e1=Q+ 25. Rxe1 Qxe1+ 26. Kh2 Qxe5+ 27. Kh3
g6 0-1

[Event "Frankfurt Ch 2014"]
[Site "Ffm-Höchst, BiKuZ"]
[Date "2014.05.12"]
[Round "3.35"]
[White "Krischak, Werner"]
[Black "Geringer, Waldemar"]
[Result "1-0"]
[WhiteElo "1609"]
[BlackElo "1858"]
[PlyCount "83"]
[EventDate "2014.??.??"]
[WhiteTeam "SK Marburg 1931/72"]
[BlackTeam "SSG Rödermark/Eppertshausen"]

1. d4 Nf6 2. Nf3 g6 3. c4 Bg7 4. Nc3 O-O 5. e4 d6 6. Be2 Nc6 7. d5 Ne5 8. Nxe5
dxe5 9. Be3 e6 10. O-O exd5 11. cxd5 Qe7 12. Rc1 a6 13. Qd2 Rd8 14. Rfd1 Ne8
15. f3 f5 16. Na4 f4 17. Bf2 g5 18. Qc2 h5 19. Qc5 Qf6 20. Qb4 g4 21. Bc5 Kf7
22. d6 g3 23. Bc4+ Kg6 24. dxc7 Rxd1+ 25. Rxd1 Qh4 26. h3 b5 27. Bf1 bxa4 28.
Qb8 Nxc7 29. Qxc7 Bf6 30. Qc6 Rb8 31. Qe8+ Kh7 32. Qf7+ Bg7 33. Be7 Rb7 34. Rd7
Rxd7 35. Qf5+ Kg8 36. Bxh4 Rc7 37. Qxh5 Bd7 38. Qg5 Rc8 39. Qe7 Bxh3 40. gxh3
Rc1 41. Qe6+ Kh7 42. Bf6 1-0

[Event "Frankfurt Ch 2014"]
[Site "Ffm-Höchst, BiKuZ"]
[Date "2014.05.12"]
[Round "3.36"]
[White "Mosig, Rainer"]
[Black "Jeß, Geralf"]
[Result "1-0"]
[WhiteElo "1854"]
[BlackElo "1611"]
[PlyCount "71"]
[EventDate "2014.??.??"]
[WhiteTeam "SC 1979 Hattersheim"]
[BlackTeam "SC Matt im Park Ffm"]

1. d4 d5 2. Nf3 Nf6 3. c4 dxc4 4. Nc3 Bf5 5. Nh4 Bd7 6. a4 e6 7. Nf3 Nc6 8. e4
Bb4 9. Qc2 Bc8 10. Be3 Ng4 11. Bxc4 e5 12. Rd1 exd4 13. O-O Nge5 14. Nxe5 Nxe5
15. Rxd4 Bd6 16. Be2 Be6 17. f4 Nc6 18. Bb5 Qh4 19. Nd5 O-O 20. Bxc6 bxc6 21.
Qxc6 Bxd5 22. Rxd5 Qe7 23. e5 Rfd8 24. Rfd1 a5 25. Bf2 Bb4 26. Rd7 Qe8 27. Qxc7
Rdc8 28. Qb7 Rab8 29. Qd5 h6 30. f5 Be7 31. e6 f6 32. Qxa5 Rxb2 33. Qa7 Rcc2
34. Rxe7 Qxe7 35. Qxe7 Rxf2 36. Qe8+ 1-0

[Event "Frankfurt Ch 2014"]
[Site "Ffm-Höchst, BiKuZ"]
[Date "2014.05.12"]
[Round "3.37"]
[White "Günther, Rainer"]
[Black "Fröhlich-Dill, Astrid"]
[Result "0-1"]
[WhiteElo "1572"]
[BlackElo "1789"]
[PlyCount "86"]
[EventDate "2014.??.??"]
[WhiteTeam "SV Mainz-Mombach"]
[BlackTeam "SV 1920 Hofheim"]

1. e4 c5 2. Nf3 Nc6 3. d4 cxd4 4. Nxd4 e6 5. Be2 Qb6 6. Nf3 Nf6 7. Nbd2 Ng4 8.
O-O Bc5 9. Qe1 Qc7 10. h3 h5 11. Nc4 Nd4 12. e5 Nxf3+ 13. gxf3 Nxe5 14. Qc3 f6
15. Bf4 d6 16. Rad1 Nxc4 17. Bxc4 Qb6 18. Qd3 Kf7 19. Bb3 g5 20. Be3 Bxe3 21.
fxe3 d5 22. c4 dxc4 23. Bxc4 Kg7 24. Qa3 Qc7 25. f4 g4 26. Rc1 Qf7 27. f5 Kh6
28. h4 Re8 29. Qd6 Kg7 30. Rfd1 Qe7 31. Bxe6 Bxe6 32. Rc7 Qxc7 33. Qxc7+ Bf7
34. Rd7 Rf8 35. Qxb7 Rae8 36. e4 Kg8 37. a3 Rb8 38. Qa6 Kg7 39. b4 Rbe8 40. Qd3
Rc8 41. Kg2 Kg8 42. Rxa7 Rfd8 43. Kg3 Rxd3+ 0-1

[Event "Frankfurt Ch 2014"]
[Site "Ffm-Höchst, BiKuZ"]
[Date "2014.05.12"]
[Round "3.38"]
[White "Bergner, Matthias"]
[Black "Hochmuth, Christian"]
[Result "1/2-1/2"]
[WhiteElo "1557"]
[BlackElo "1770"]
[PlyCount "83"]
[EventDate "2014.??.??"]
[WhiteTeam "SV 1926 Neu-Isenburg"]
[BlackTeam "SG Wächtersbach/Sotzbach"]

1. d4 Nf6 2. e3 g6 3. Nf3 Bg7 4. Be2 d6 5. b3 c5 6. Bb2 O-O 7. O-O a6 8. dxc5
dxc5 9. Qxd8 Rxd8 10. Rd1 Rxd1+ 11. Bxd1 Nc6 12. Nbd2 Bf5 13. a3 Rd8 14. Kf1 g5
15. Ke2 g4 16. Nh4 Be6 17. c4 b5 18. Bc2 b4 19. a4 Na5 20. Rd1 Bc8 21. Nf1 Rxd1
22. Kxd1 h5 23. Ke2 Ne8 24. Bxg7 Nxg7 25. Nd2 Bb7 26. f3 Kf8 27. Nf5 Nxf5 28.
Bxf5 e6 29. Bc2 Ke7 30. e4 Nc6 31. Ke3 Kf6 32. Bd1 Kg5 33. e5 Ne7 34. f4+ Kg6
35. Bc2+ Kg7 36. Be4 Nf5+ 37. Bxf5 exf5 38. g3 f6 39. exf6+ Kxf6 40. Kd3 Bg2
41. Kc2 Ke6 42. Kd3 1/2-1/2

[Event "Frankfurt Ch 2014"]
[Site "Ffm-Höchst, BiKuZ"]
[Date "2014.05.12"]
[Round "3.39"]
[White "Worzelberger, Armin"]
[Black "Falkenhainer, Sven"]
[Result "1-0"]
[WhiteElo "1766"]
[BlackElo "1597"]
[PlyCount "63"]
[EventDate "2014.??.??"]
[WhiteTeam "SC Grunbach"]
[BlackTeam "SV 1946 Groß-Gerau"]

1. e4 d6 2. Bc4 Nf6 3. Nc3 e5 4. Nge2 Be7 5. O-O O-O 6. Ng3 Nc6 7. d3 Na5 8.
Bb5 c6 9. Ba4 b5 10. Bb3 Nxb3 11. axb3 Bg4 12. Qe1 b4 13. Nce2 a5 14. f3 Bh5
15. Be3 d5 16. d4 Qc7 17. dxe5 Qxe5 18. Bd4 Qg5 19. Nf5 Nxe4 20. fxe4 Bf6 21.
Be3 Qg4 22. Neg3 dxe4 23. Rf4 Qg6 24. Qf1 Rfe8 25. Nxh5 Qxh5 26. g4 Qg6 27. h4
Be5 28. Rxe4 Bh2+ 29. Kxh2 Rxe4 30. Qf3 Rae8 31. Rxa5 Rxg4 32. Ne7+ 1-0

[Event "Frankfurt Ch 2014"]
[Site "Ffm-Höchst, BiKuZ"]
[Date "2014.05.12"]
[Round "3.40"]
[White "Koch, Thomas"]
[Black "Lessmann, Sven"]
[Result "1-0"]
[WhiteElo "1734"]
[BlackElo "1365"]
[PlyCount "65"]
[EventDate "2014.??.??"]
[WhiteTeam "SV 1934 Ffm-Griesheim"]
[BlackTeam "SC Bad Soden"]

1. e4 d6 2. d4 Nf6 3. Bd3 g6 4. c3 Bg7 5. f4 O-O 6. Nf3 c6 7. O-O Bg4 8. h3
Bxf3 9. Qxf3 Nbd7 10. Nd2 e5 11. Nb3 a5 12. Be3 b5 13. Rad1 a4 14. Nc1 Qc7 15.
g4 Nb6 16. Ne2 Nc4 17. Bc1 Qb6 18. Kh1 Nd7 19. dxe5 dxe5 20. Bxc4 Rad8 21. Bd3
exf4 22. Bxf4 Ne5 23. Qg3 Rde8 24. Bc2 Re6 25. Nd4 Re7 26. Nf3 Rfe8 27. Nxe5
Bxe5 28. Bxe5 Rxe5 29. Qf3 Qc7 30. Kg2 h5 31. Rf2 hxg4 32. hxg4 Kg7 33. Qf6+
1-0

[Event "Frankfurt Ch 2014"]
[Site "Ffm-Höchst, BiKuZ"]
[Date "2014.05.12"]
[Round "3.41"]
[White "Rauscher, Joachim"]
[Black "Riha, Peter"]
[Result "1/2-1/2"]
[WhiteElo "1697"]
[BlackElo "1565"]
[PlyCount "66"]
[EventDate "2014.??.??"]
[WhiteTeam "SC Brett vorm Kopp Ffm"]
[BlackTeam "SC Bergen-Enkheim 1922"]

1. e4 e5 2. Nf3 Nc6 3. Bc4 Nf6 4. d3 Be7 5. c3 d6 6. Bb3 Bg4 7. O-O O-O 8. Re1
Nd7 9. Be3 Kh8 10. h3 Be6 11. Nbd2 Bxb3 12. Qxb3 Na5 13. Qd1 f5 14. exf5 Rxf5
15. Ne4 h6 16. Ng3 Rf8 17. b4 Nc6 18. Qd2 Rf7 19. b5 Na5 20. c4 b6 21. Rac1 Nb7
22. d4 exd4 23. Nxd4 Qg8 24. Ne6 Rc8 25. Nh5 Bf6 26. Nxf6 Nxf6 27. Bd4 Nc5 28.
Nxc5 dxc5 29. Bxf6 Rxf6 30. Re7 Rf7 31. Qd7 Rxe7 32. Qxe7 Qd8 33. Re1 Qd2
1/2-1/2

[Event "Frankfurt Ch 2014"]
[Site "Ffm-Höchst, BiKuZ"]
[Date "2014.05.12"]
[Round "3.42"]
[White "Weiland, Thomas"]
[Black "Reichel, Rolf"]
[Result "1-0"]
[WhiteElo "1695"]
[BlackElo "1535"]
[PlyCount "61"]
[EventDate "2014.??.??"]
[WhiteTeam "SV Oberursel"]
[BlackTeam "SF Frankfurt 1921"]

1. e4 c5 2. Nf3 Nc6 3. c3 e5 4. Be2 Nf6 5. d3 Be7 6. O-O O-O 7. h3 d5 8. Qc2 d4
9. Bd2 h6 10. Na3 Be6 11. Rfc1 a6 12. cxd4 cxd4 13. Nc4 Rc8 14. Qd1 Nd7 15. a4
f5 16. exf5 Bxf5 17. Qb3 Nc5 18. Qd1 Qd5 19. Nb6 Qe6 20. Nxc8 Qxc8 21. b4 e4
22. dxe4 Bxe4 23. bxc5 d3 24. Qb3+ Kh8 25. Bxd3 Bxf3 26. Bb1 Ne5 27. Qc2 g6 28.
Ra3 Bxg2 29. Kxg2 Qc6+ 30. Qe4 Qf6 31. f4 1-0

[Event "Frankfurt Ch 2014"]
[Site "Ffm-Höchst, BiKuZ"]
[Date "2014.05.12"]
[Round "3.43"]
[White "Bastian, Holger"]
[Black "Heun, Andreas"]
[Result "1/2-1/2"]
[WhiteElo "1680"]
[BlackElo "1541"]
[PlyCount "52"]
[EventDate "2014.??.??"]
[WhiteTeam "Aschaffenburg- Schweinheim"]
[BlackTeam "SC Ladja Roßdorf"]

1. Nf3 Nf6 2. g3 d5 3. Bg2 e6 4. O-O Be7 5. d3 O-O 6. Nbd2 Nbd7 7. e4 dxe4 8.
dxe4 c6 9. Qe2 b5 10. a4 b4 11. a5 Nc5 12. Rd1 Qc7 13. Nd4 e5 14. Nf5 Ba6 15.
Qf3 Rfd8 16. Re1 Bf8 17. Nb3 Ne6 18. Bf1 Bxf1 19. Kxf1 c5 20. c3 c4 21. Nd2 Rd3
22. Qe2 bxc3 23. bxc3 g6 24. Ne3 Rxc3 25. Bb2 Nd4 26. Qd1 Rd3 1/2-1/2

[Event "Frankfurt Ch 2014"]
[Site "Ffm-Höchst, BiKuZ"]
[Date "2014.05.12"]
[Round "3.44"]
[White "Fischer, Lutz"]
[Black "Hartmann, Stephan"]
[Result "1-0"]
[WhiteElo "1671"]
[BlackElo "1516"]
[PlyCount "41"]
[EventDate "2014.??.??"]
[WhiteTeam "SF Frankfurt 1921"]
[BlackTeam "SG Turm Idstein"]

1. e4 Nc6 2. Nf3 g6 3. d4 Bg7 4. Nc3 e5 5. Bg5 f6 6. Be3 exd4 7. Nxd4 Nxd4 8.
Bxd4 Ne7 9. Bc4 Nc6 10. O-O Nxd4 11. Qxd4 c6 12. Rfe1 d6 13. Rad1 b5 14. Bb3
Bb7 15. Qxd6 Qxd6 16. Rxd6 Ke7 17. Re6+ Kf8 18. Rd1 Re8 19. Red6 b4 20. Na4
Rxe4 21. Nc5 1-0

[Event "Frankfurt Ch 2014"]
[Site "Ffm-Höchst, BiKuZ"]
[Date "2014.05.12"]
[Round "3.45"]
[White "Marchese, Eric"]
[Black "Tiraspolski, Arkadij"]
[Result "1-0"]
[WhiteElo "1458"]
[BlackElo "1664"]
[PlyCount "51"]
[EventDate "2014.??.??"]
[WhiteTeam "SC Matt im Park Ffm"]
[BlackTeam "vereinslos"]

1. e4 c6 2. Nf3 d5 3. exd5 cxd5 4. Ne5 Nf6 5. d4 Nbd7 6. Bb5 a6 7. Bxd7+ Bxd7
8. O-O g6 9. Nc3 Bg7 10. Re1 O-O 11. Qf3 Bf5 12. Re2 Rc8 13. Bg5 Be6 14. Rae1
h6 15. Bxf6 Bxf6 16. Nxg6 fxg6 17. Rxe6 Kg7 18. Nxd5 Rf7 19. Nxf6 exf6 20. c3
Qd7 21. Qe4 Rc7 22. h4 h5 23. Re3 Rc6 24. Re7 Qd6 25. Rxf7+ Kxf7 26. Qe8+ 1-0

[Event "Frankfurt Ch 2014"]
[Site "Ffm-Höchst, BiKuZ"]
[Date "2014.05.12"]
[Round "3.46"]
[White "Imelmann, Esther"]
[Black "Gelfenbaum, Daniel"]
[Result "1/2-1/2"]
[WhiteElo "1662"]
[BlackElo "1510"]
[PlyCount "128"]
[EventDate "2014.??.??"]
[WhiteTeam "Vorw.Orient Mainz"]
[BlackTeam "SAbt TuS Makkabi Ffm"]

1. d4 d5 2. c4 e6 3. Nc3 Nf6 4. Nf3 Nbd7 5. Bg5 Be7 6. e3 O-O 7. a3 a6 8. b4
dxc4 9. Bxc4 b5 10. Bd3 Bb7 11. O-O h6 12. Bh4 Nd5 13. Bxe7 Qxe7 14. Rc1 Rac8
15. Qe2 Rfd8 16. Ne4 N5f6 17. Ng3 Nd5 18. Rc2 g6 19. Rfc1 Kg7 20. Ne4 c6 21.
Ned2 e5 22. dxe5 Nxe5 23. Nxe5 Qxe5 24. Nf3 Qe7 25. Nd4 Nf4 26. Nf5+ gxf5 27.
exf4 Qxe2 28. Bxe2 Kf6 29. Bf3 Rd6 30. g3 Ke7 31. Rc5 Kf6 32. Kg2 Rc7 33. R1c3
Ba8 34. Kh3 Bb7 35. Re5 Re6 36. Rce3 Rce7 37. Rc5 Rxe3 38. fxe3 Rxe3 39. Bxc6
Bxc6 40. Rxc6+ Re6 41. Rxe6+ fxe6 42. Kh4 Kg6 43. h3 h5 44. g4 hxg4 45. hxg4
fxg4 46. Kxg4 Kf6 47. Kf3 Kf5 48. Ke3 e5 49. fxe5 Kxe5 50. Kd3 Kd5 51. Kc3 Ke4
52. Kb3 Kd4 53. a4 Kd3 54. Ka3 Kc4 55. axb5 axb5 56. Ka2 Kc3 57. Ka3 Kc4 58.
Ka2 Kxb4 59. Kb2 Kc4 60. Kc2 b4 61. Kb2 b3 62. Kb1 Kc3 63. Kc1 b2+ 64. Kb1 Kb3
1/2-1/2

[Event "Frankfurt Ch 2014"]
[Site "Ffm-Höchst, BiKuZ"]
[Date "2014.05.12"]
[Round "3.47"]
[White "Schindehütte, Frank"]
[Black "Miller, Justin"]
[Result "0-1"]
[WhiteElo "1507"]
[BlackElo "1634"]
[PlyCount "56"]
[EventDate "2014.??.??"]
[WhiteTeam "SAbt VfL Goldstein"]
[BlackTeam "Sfr.1932 Kelkheim"]

1. f4 Nf6 2. c4 c5 3. Nc3 d5 4. d4 cxd4 5. Qxd4 Nc6 6. Qd1 d4 7. Nb5 a6 8. Na3
e5 9. fxe5 Nxe5 10. Nc2 Nxc4 11. Qxd4 Bb4+ 12. Kd1 Qxd4+ 13. Nxd4 Ne4 14. e3
Nf2+ 15. Kc2 Ne5 16. a3 Bd6 17. Nh3 Bxh3 18. Rg1 Bd7 19. Be2 Ne4 20. b3 O-O 21.
Bf3 Nxf3 22. gxf3 Nf6 23. e4 Rfc8+ 24. Kd1 Bxh2 25. Rg2 Be5 26. Bb2 Bh3 27. Rd2
Rd8 28. Rc1 Bf4 0-1

[Event "Frankfurt Ch 2014"]
[Site "Ffm-Höchst, BiKuZ"]
[Date "2014.05.12"]
[Round "3.48"]
[White "Wagner, Günter"]
[Black "Kirschner, Matthias"]
[Result "1-0"]
[WhiteElo "1634"]
[BlackElo "1511"]
[PlyCount "47"]
[EventDate "2014.??.??"]
[WhiteTeam "SV 1946 Groß-Gerau"]
[BlackTeam "SV 1997 Nauheim"]

1. Nf3 d6 2. g3 e5 3. d3 Be7 4. Bg2 Nf6 5. O-O O-O 6. c4 Nc6 7. Nc3 Bd7 8. Rb1
Rb8 9. b4 a6 10. a4 Na7 11. Be3 b6 12. b5 axb5 13. axb5 Ng4 14. Bd2 c6 15. bxc6
Bxc6 16. h3 Nf6 17. Be3 Qc7 18. Qc1 Qb7 19. Rxb6 Qc8 20. Qb2 e4 21. Rxb8 Qxb8
22. Qxb8 Rxb8 23. Bxa7 Rb7 24. Nd4 1-0

[Event "Frankfurt Ch 2014"]
[Site "Ffm-Höchst, BiKuZ"]
[Date "2014.05.12"]
[Round "3.50"]
[White "Kißler, Johann"]
[Black "Larem, Peter"]
[Result "0-1"]
[WhiteElo "1531"]
[BlackElo "1763"]
[PlyCount "38"]
[EventDate "2014.??.??"]
[WhiteTeam "Sfr. Hochheim"]
[BlackTeam "SSG Rödermark/Eppertshausen"]

1. c4 e5 2. Nc3 Nf6 3. b3 Nc6 4. Bb2 Bc5 5. Nf3 O-O 6. e3 Re8 7. d3 d5 8. cxd5
Nxd5 9. Nxd5 Qxd5 10. e4 Qd6 11. Be2 Qg6 12. g3 Bh3 13. Bc1 Rad8 14. Nh4 Qd6
15. Be3 Bxe3 16. fxe3 Nb4 17. Qd2 Nxd3+ 18. Bxd3 Qxd3 19. Rd1 Qxe4 0-1

[Event "Frankfurt Ch 2014"]
[Site "Ffm-Höchst, BiKuZ"]
[Date "2014.05.12"]
[Round "3.51"]
[White "Popp, Matthias"]
[Black "Plattner, Rolf"]
[Result "0-1"]
[WhiteElo "1530"]
[BlackElo "1740"]
[PlyCount "80"]
[EventDate "2014.??.??"]
[WhiteTeam "SC Bergen-Enkheim 1922"]
[BlackTeam "SK Langen"]

1. d4 d5 2. Nf3 Nf6 3. Bf4 e6 4. e3 c5 5. c3 Nc6 6. Nbd2 Bd6 7. Ne5 Qc7 8. Bb5
O-O 9. Bxc6 bxc6 10. O-O Nd7 11. Nxd7 Bxd7 12. Bxd6 Qxd6 13. Nf3 f6 14. Qc2
Rac8 15. Rad1 cxd4 16. Rxd4 e5 17. Ra4 Qc7 18. h3 c5 19. Rh4 e4 20. Nd2 g5 21.
Rh5 Be8 22. Qd1 Bxh5 23. Qxh5 Qg7 24. Rd1 f5 25. Nf1 Rcd8 26. Qe2 Qf7 27. f4
gxf4 28. exf4 d4 29. cxd4 cxd4 30. b3 Kh8 31. Qb2 Qg7 32. Rd2 Rfe8 33. Rd1 Qf6
34. Kh2 Kg7 35. Ng3 Kg6 36. Qc1 Rc8 37. Qa3 a6 38. Qa5 d3 39. Nf1 Qd6 40. Kg3
e3 0-1

[Event "Frankfurt Ch 2014"]
[Site "Ffm-Höchst, BiKuZ"]
[Date "2014.05.12"]
[Round "3.52"]
[White "Muthig, Holger"]
[Black "Kletzerman, Simon"]
[Result "0-1"]
[WhiteElo "1588"]
[BlackElo "1512"]
[PlyCount "55"]
[EventDate "2014.??.??"]
[WhiteTeam "vereinslos"]
[BlackTeam "SAbt TuS Makkabi Ffm"]

1. d4 d5 2. c4 e6 3. Nc3 Nf6 4. Bg5 Be7 5. Nf3 O-O 6. e3 Nbd7 7. Bd3 dxc4 8.
Bxc4 Nb6 9. Bd3 Nfd5 10. Bxe7 Qxe7 11. e4 Nf4 12. O-O Nxd3 13. Qxd3 f5 14. e5
Bd7 15. Rac1 Bc6 16. Rfd1 Nd5 17. a3 a6 18. Nxd5 Bxd5 19. Qe3 f4 20. Qc3 c6 21.
Qc5 Qf7 22. Qc3 Qh5 23. Qd3 Rf5 24. Rc3 Qh6 25. Qe2 Rh5 26. h3 Rf8 27. Nd2 Qg6
28. Kh2 0-1

[Event "Frankfurt Ch 2014"]
[Site "Ffm-Höchst, BiKuZ"]
[Date "2014.05.12"]
[Round "3.53"]
[White "van Bömmel, Philipp"]
[Black "Gude, Michael"]
[Result "0-1"]
[WhiteElo "1511"]
[BlackElo "1587"]
[PlyCount "51"]
[EventDate "2014.??.??"]
[WhiteTeam "SC 1979 Hattersheim"]
[BlackTeam "SF Fürth 1951 e.V."]

1. d4 f5 2. Nc3 Nf6 3. Bg5 e6 4. e4 fxe4 5. Nxe4 Be7 6. Bxf6 Bxf6 7. Nf3 b6 8.
Bd3 Bb7 9. Qe2 Nc6 10. c3 O-O 11. Nxf6+ Qxf6 12. O-O a5 13. Ne5 Nxe5 14. dxe5
Qg5 15. Be4 Bxe4 16. Qxe4 Rad8 17. f4 Qe7 18. Rae1 Qc5+ 19. Kh1 Rf7 20. b4 Qxc3
21. bxa5 Qxa5 22. Qc4 b5 23. Qe2 Ra8 24. g4 b4 25. f5 Qd5+ 26. Kg1 0-1

[Event "Frankfurt Ch 2014"]
[Site "Ffm-Höchst, BiKuZ"]
[Date "2014.05.12"]
[Round "3.54"]
[White "Zerhusen, Martin"]
[Black "Lehmann, Gerit"]
[Result "1-0"]
[WhiteElo "1587"]
[BlackElo "1492"]
[PlyCount "65"]
[EventDate "2014.??.??"]
[WhiteTeam "SV Oberursel"]
[BlackTeam "SF Frankfurt 1921"]

1. d4 Nf6 2. c4 e6 3. Nc3 d5 4. e3 c6 5. Nf3 Nbd7 6. a3 Be7 7. b4 dxc4 8. Bxc4
Nd5 9. Bb2 Nxc3 10. Bxc3 Nf6 11. O-O O-O 12. Qb3 b6 13. Rfd1 Bb7 14. Rac1 Qc7
15. Rc2 Rac8 16. Rdc1 Nd7 17. Be2 Bf6 18. Qb2 Qb8 19. Nd2 c5 20. dxc5 bxc5 21.
Bxf6 Nxf6 22. Rxc5 Rxc5 23. Rxc5 Rc8 24. Qc2 Rxc5 25. Qxc5 g6 26. h3 Nd5 27.
Bf3 Nb6 28. Bxb7 Qxb7 29. Nc4 Nd5 30. Na5 Qc7 31. Nc6 a6 32. e4 Nf6 33. Ne7+
1-0